000 00578nam a2200181Ia 4500
005 20250508153905.0
008 008 250505s9999 xx 000 0 eng d
037 _aBooks to be hide in OPAC
040 _aFEDL
_beng
_cFEDL
041 _aeng
_2eng
084 _a371.520 940, GRE/O
_qFEDL
245 0 _aImperial education conference papers
260 _c1913
300 _a86p.
546 _aMemorandum on compulsory attendance at school in certain European countries and American states
942 _cHB
_h371.520 940, GRE/O
999 _c1346166
_d1346166